000 00799nam a2200229Ia 4500
005 20260430150755.0
008 008 250103s9999 xx 000 0 hin d
037 _aTheses
040 _aCRL
040 _bhin
040 _chin
041 _2hin
041 _ahin
084 _qCRL
100 _aसुमन, ले.
245 0 _aभारतीय टेलीविजन विज्ञापन में नारी का चित्रणः मुक्ति और दमन
260 _c2021
300 _a276पृ0
700 _aदिल्ली विश्वविद्यालय. सामाजिक विज्ञान संकाय. राजनीतिक विज्ञान विभग
_91238341
942 _cTH
999 _c1850711
_d1850711